[Event "Titled Tue 20th May Early"]
[Site "chess.com INT"]
[Date "2025.05.20"]
[Round "6"]
[White "Aarav Sinha"]
[Black "Troltenier, Dirk"]
[Result "1-0"]
[WhiteTitle "FM"]
[BlackTitle "FM"]
[WhiteElo "2255"]
[BlackElo "2174"]
[WhiteFideId "25674064"]
[BlackFideId "4606400"]
[EventDate "2025.05.20"]

1. e4 e5 2. Nf3 d6 3. d4 exd4 4. Nxd4 Nf6 5. Nc3 Be7 6. Be2 O-O 7. O-O Re8 8.
Nb3 Nbd7 9. f4 c6 10. Bf3 Qc7 11. Be3 b5 12. a3 Bb7 13. Qd2 a5 14. Kh1 Bf8 15.
Rfd1 b4 16. axb4 axb4 17. Ne2 Rxa1 18. Rxa1 c5 19. Ra7 Ra8 20. Rxb7 Qxb7 21. e5
Ne4 22. Qd1 d5 23. Ng3 Nxg3+ 24. hxg3 Rd8 25. Bxd5 Nxe5 26. Bxb7 Rxd1+ 27. Bg1
Nc4 28. Kh2 Nxb2 29. Nxc5 Rxg1 30. Kxg1 Bxc5+ 31. Kf1 Kf8 32. Ke2 Nc4 33. Kd3
Nd6 34. Bf3 Ke7 35. c3 bxc3 36. Kxc3 f5 37. Kd3 g6 38. g4 Kf6 39. Bd1 Bb6 40.
Bf3 Bc7 41. g3 Nf7 42. Ke2 Bb6 43. Bd5 Nd8 44. g5+ Kg7 45. Kf3 Bc5 46. g4 1-0

[Event "Titled Tue 20th May Early"]
[Site "chess.com INT"]
[Date "2025.05.20"]
[Round "6"]
[White "Waldhausen Gordon, Frederick"]
[Black "Ugorek, Kacper"]
[Result "1-0"]
[WhiteTitle "FM"]
[BlackTitle "CM"]
[WhiteElo "2397"]
[BlackElo "2262"]
[WhiteFideId "2409143"]
[BlackFideId "21890676"]
[EventDate "2025.05.20"]

1. d4 Nf6 2. c4 g6 3. Nf3 Bg7 4. g3 O-O 5. Bg2 d6 6. O-O Nbd7 7. Nc3 e5 8. Qc2
a5 9. Rd1 Re8 10. dxe5 Nxe5 11. Nxe5 Rxe5 12. Bf4 Re8 13. c5 Nh5 14. cxd6 Nxf4
15. gxf4 cxd6 16. Nb5 Bg4 17. Rxd6 Qe7 18. e3 Rac8 19. Qd2 a4 20. Rc1 Rxc1+ 21.
Qxc1 Bd7 22. Rb6 Qb4 23. Qc7 Bxb5 24. Bf1 Qxb2 25. Bxb5 Rf8 26. Bxa4 Qxa2 27.
Bc2 Qa1+ 28. Kg2 Qe1 29. Rxb7 Qe2 30. h3 Qh5 31. Qd7 Bf6 32. Bb3 g5 33. Bd1 Qg6
34. f5 Qg7 35. Bh5 Qh6 36. Bxf7+ Kh8 37. Be6 Qh4 38. Qd6 Rd8 39. Rd7 Qe4+ 40.
Kg1 Qb1+ 41. Kh2 Qb8 42. Rxd8+ Qxd8 43. Bd7 Qe7 44. Qxe7 Bxe7 45. Kg3 Kg7 46.
Kg4 Kf6 47. h4 gxh4 48. f4 Bc5 49. e4 Bd6 50. e5+ Bxe5 51. fxe5+ Kxe5 52. Kxh4
Kd6 53. Be6 Ke7 54. Kh5 Kf6 55. Kh6 Ke7 56. Kxh7 Kf6 57. Kh6 Ke7 58. Kg7 Kd6 59.
Ba2 Ke5 60. f6 1-0

[Event "Titled Tue 20th May Early"]
[Site "chess.com INT"]
[Date "2025.05.20"]
[Round "6"]
[White "Popov, Konstantin"]
[Black "Srihari, L R"]
[Result "1-0"]
[WhiteTitle "FM"]
[BlackTitle "IM"]
[WhiteElo "2378"]
[BlackElo "2468"]
[WhiteFideId "34137910"]
[BlackFideId "46617116"]
[EventDate "2025.05.20"]

1. e4 e5 2. Nf3 Nc6 3. Bb5 a6 4. Ba4 Nf6 5. O-O d6 6. c3 Bd7 7. Re1 g6 8. d4 Bg7
9. Bxc6 Bxc6 10. dxe5 Nxe4 11. exd6 O-O 12. Bf4 cxd6 13. Nbd2 d5 14. Nd4 Bxd4
15. cxd4 Qf6 16. Be3 Rfe8 17. Nf3 Nd6 18. Bg5 Qf5 19. Re5 Qd7 20. Bf4 f6 21.
Rxe8+ Rxe8 22. Bxd6 Qxd6 23. Qb3 Re4 24. Qc3 Qf4 25. Re1 Kg7 26. Re3 g5 27. h3
h5 28. Nd2 Rxe3 29. Qxe3 Qd6 30. h4 g4 31. Nf1 Bd7 32. Ng3 Kg6 33. Ne2 Qb4 34.
Nf4+ Kf7 35. Nxd5 Qd6 36. Nf4 Bf5 37. Nxh5 Qb4 38. Ng3 Be6 39. b3 Qa3 40. Qd2
Bd5 41. h5 a5 42. Nf5 a4 43. bxa4 Qxa2 44. Qxa2 Bxa2 45. a5 Bd5 46. Ne3 Be6 47.
g3 Kg7 48. Ng2 Kh6 49. Nf4 Bf7 50. Kf1 1-0

[Event "Titled Tue 20th May Early"]
[Site "chess.com INT"]
[Date "2025.05.20"]
[Round "6"]
[White "Nguyen, Quoc Hy"]
[Black "Popov, Tikhon"]
[Result "1/2-1/2"]
[WhiteTitle "FM"]
[BlackTitle "CM"]
[WhiteElo "2389"]
[BlackElo "2173"]
[WhiteFideId "12410853"]
[BlackFideId "24252026"]
[EventDate "2025.05.20"]

1. d4 Nf6 2. c4 c5 3. d5 b5 4. cxb5 a6 5. bxa6 e6 6. Nc3 exd5 7. Nxd5 Be7 8.
Nxe7 Qxe7 9. e3 O-O 10. Nf3 Rxa6 11. Be2 Rd6 12. Qc2 Ne4 13. Nd2 Bb7 14. Bf3 f5
15. Nxe4 fxe4 16. Be2 Qh4 17. g3 Qh3 18. Bd2 Qe6 19. Bc3 Qf5 20. Rf1 Ba6 21. Rd1
Rxd1+ 22. Kxd1 Bxe2+ 23. Qxe2 d5 24. Qb5 Nd7 25. Kc1 Qe6 26. Rd1 Rxf2 27. Qb7 d4
28. exd4 Qxa2 29. Qxe4 cxd4 30. Bxd4 Rf8 31. Bc3 Nb6 32. Qe5 Qa1+ 33. Kc2 Qa4+
34. Kc1 Qa1+ 35. Kc2 Rf2+ 36. Rd2 Rxd2+ 37. Bxd2 Qa4+ 38. b3 Qc6+ 39. Qc3 Qe4+
40. Qd3 Qc6+ 41. Bc3 Nd5 42. Qc4 Qe6 43. Kb2 Kf7 44. Qd4 g6 45. Qg7+ Ke8 46.
Qh8+ Kd7 47. Qxh7+ Kc6 48. Qh8 Qe2+ 49. Ka3 Qa6+ 50. Kb2 Qe2+ 51. Ka3 Qa6+ 52.
Kb2 Qe2+ 1/2-1/2

[Event "Titled Tue 20th May Early"]
[Site "chess.com INT"]
[Date "2025.05.20"]
[Round "6"]
[White "Ochedzan, Filip"]
[Black "Tologon tegin, Semetei"]
[Result "0-1"]
[WhiteTitle "CM"]
[BlackTitle "IM"]
[WhiteElo "2130"]
[BlackElo "2313"]
[WhiteFideId "21892610"]
[BlackFideId "13800574"]
[EventDate "2025.05.20"]

1. c4 e6 2. Nc3 d5 3. d4 Ne7 4. Nf3 g6 5. Bf4 Bg7 6. e3 O-O 7. Be2 a6 8. O-O
dxc4 9. Bxc4 b5 10. Be2 Nd7 11. a3 c5 12. dxc5 Nxc5 13. Qxd8 Rxd8 14. Rfd1 Nd5
15. Nxd5 exd5 16. Nd4 Bxd4 17. exd4 Nb3 18. Rab1 Bf5 19. Bd3 Nxd4 20. Be5 Bxd3
21. Rxd3 Nc6 22. Bg3 f6 23. Rbd1 Ne7 24. f3 Rac8 25. Bf2 Rc2 26. Bd4 Kf7 27.
R1d2 Rxd2 28. Rxd2 Rc8 29. b4 Rc4 30. Bc5 Rc3 31. a4 bxa4 32. Bxe7 Kxe7 33. Rxd5
Rb3 34. Ra5 Rxb4 35. Rxa6 h5 36. Kf2 h4 37. Ke3 g5 38. g3 h3 39. Ra7+ Ke6 40.
Ra6+ Kf5 41. g4+ Kg6 42. Kf2 Rf4 43. Kg3 Kf7 44. Kxh3 Rxf3+ 45. Kg2 Rf4 46. Kg3
Rb4 47. Kf3 Rb3+ 48. Ke4 a3 49. Kf5 Rf3+ 50. Ke4 Rf4+ 51. Ke3 Rxg4 52. Kf3 Rh4
53. Kg3 f5 54. Rxa3 f4+ 55. Kg2 Kg6 56. Ra6+ Kh5 57. Ra8 Kg4 58. h3+ Rxh3 59.
Rg8 f3+ 60. Kf2 Rh2+ 61. Kf1 Kf4 62. Kg1 Rg2+ 63. Kf1 g4 64. Rf8+ Kg3 65. Rg8
Rh2 66. Ke1 f2+ 67. Ke2 Rh1 68. Rf8 Re1+ 69. Kd2 f1=Q 0-1

[Event "Titled Tue 20th May Early"]
[Site "chess.com INT"]
[Date "2025.05.20"]
[Round "6"]
[White "Jaiveer, Mahendru"]
[Black "Dovgaliuk, Oleksandr"]
[Result "1-0"]
[WhiteTitle "FM"]
[WhiteElo "2230"]
[BlackElo "2240"]
[WhiteFideId "25611151"]
[BlackFideId "14167247"]
[EventDate "2025.05.20"]

1. d4 Nf6 2. e3 g6 3. c4 Bg7 4. Nc3 O-O 5. Nf3 c6 6. b4 d5 7. c5 Bg4 8. Be2 Nbd7
9. O-O Bxf3 10. Bxf3 e5 11. b5 Re8 12. Qa4 exd4 13. exd4 Ne4 14. Bxe4 dxe4 15.
bxc6 Nxc5 16. dxc5 Bxc3 17. cxb7 Bxa1 18. bxa8=Q Qxa8 19. Bh6 Bg7 20. Bxg7 Kxg7
21. c6 Qb8 22. c7 Qc8 23. Qd4+ f6 24. Qxa7 Re7 25. Rc1 h5 26. a4 h4 27. Qb8 Re8
28. Qb3 Re7 29. Qc3 e3 30. fxe3 h3 31. e4 hxg2 32. a5 Rxe4 33. a6 Ra4 34. Qc6
Rxa6 35. Qxa6 Qxa6 36. c8=Q Qa7+ 37. Kxg2 Qa2+ 38. Kg1 Qa7+ 39. Qc5 Qa2 40. Qc7+
Kh6 41. Qf4+ Kh5 42. Qxf6 g5 43. Qf2 Qa3 44. Qe2+ g4 45. Rf1 Qc5+ 46. Kh1 Qd5+
47. Qg2 Qe5 48. Rg1 Qf4 49. Rd1 Qe5 50. Rd5 Kh4 51. Rxe5 1-0

[Event "Titled Tue 20th May Early"]
[Site "chess.com INT"]
[Date "2025.05.20"]
[Round "6"]
[White "Sjugirov, Sanan"]
[Black "Vokhidov, Shamsiddin"]
[Result "1/2-1/2"]
[WhiteTitle "GM"]
[BlackTitle "GM"]
[WhiteElo "2638"]
[BlackElo "2641"]
[WhiteFideId "4189302"]
[BlackFideId "14204223"]
[EventDate "2025.05.20"]

1. d4 Nf6 2. c4 e6 3. Nc3 Bb4 4. e3 O-O 5. Bd3 c5 6. Ne2 cxd4 7. exd4 d5 8. cxd5
Nxd5 9. O-O Nc6 10. a3 Ba5 11. Bc2 h6 12. Qd3 Nf6 13. Rd1 Bc7 14. Bf4 Bxf4 15.
Nxf4 Ne7 16. Qf3 Rb8 17. Ne4 Ned5 18. Nxd5 Nxd5 19. Qd3 g6 20. Qg3 Bd7 21. Bb3
Bc6 22. Qe5 f6 23. Qxe6+ Kg7 24. Nc5 Re8 25. Qg4 Qd6 26. Re1 h5 27. Qg3 Qxg3 28.
hxg3 b6 29. Ne6+ Kh6 30. Rac1 Bb7 31. Bxd5 Bxd5 32. Nc7 Rxe1+ 33. Rxe1 Rd8 34.
Nxd5 Rxd5 35. Rd1 Kg5 36. Kf1 Kf5 37. f3 Ke6 38. Ke2 Rb5 39. b4 a5 40. Kd3 axb4
41. Kc4 Rg5 42. axb4 b5+ 43. Kd3 Rxg3 44. Rd2 h4 45. Ke4 g5 46. d5+ Kd6 47. Rc2
g4 48. f4 h3 49. gxh3 gxh3 50. Rc6+ Ke7 51. Rc7+ Kd6 52. Rc6+ Ke7 53. Rc7+ Kd6
54. Rc6+ 1/2-1/2

[Event "Titled Tue 20th May Early"]
[Site "chess.com INT"]
[Date "2025.05.20"]
[Round "6"]
[White "Dinesh, Rajan M"]
[Black "Tulendinov, Dinmukhammed"]
[Result "1-0"]
[WhiteTitle "CM"]
[BlackTitle "FM"]
[WhiteElo "2133"]
[BlackElo "2124"]
[WhiteFideId "35060600"]
[BlackFideId "13730860"]
[EventDate "2025.05.20"]

1. e4 c5 2. Nf3 e6 3. d4 cxd4 4. Nxd4 Nc6 5. Nc3 Qc7 6. Ndb5 Qb8 7. g3 a6 8. Nd4
Bc5 9. Be3 Qa7 10. Nxc6 bxc6 11. Bxc5 Qxc5 12. Qd2 Rb8 13. O-O-O Nf6 14. Qd6 Qb6
15. Na4 Qb4 16. f3 Qxd6 17. Rxd6 Ke7 18. e5 Nd5 19. c4 f6 20. f4 Ne3 21. Be2
fxe5 22. fxe5 Rf8 23. Rd2 Rf5 24. Re1 Rxe5 25. Bd3 Nxc4 26. Rde2 Rxe2 27. Rxe2
Nd6 28. Bxh7 a5 29. Bd3 Rb4 30. b3 Rd4 31. Re3 Rd5 32. Kc2 c5 33. h4 Bb7 34. Nc3
Rd4 35. Ne2 Rg4 36. Nf4 g5 37. Ng6+ Kf6 38. Ne5 Rd4 39. Nxd7+ Ke7 40. Nxc5 Bd5
41. h5 Nf7 42. Kc3 Rb4 43. Bc4 Bxc4 44. bxc4 e5 45. Nb3 Rb6 46. Nxa5 Ra6 47. Kb4 1-0

[Event "Titled Tue 20th May Early"]
[Site "chess.com INT"]
[Date "2025.05.20"]
[Round "6"]
[White "Aradhya, Garg"]
[Black "Seyidli, Mirsaleh"]
[Result "1-0"]
[WhiteTitle "IM"]
[BlackTitle "CM"]
[WhiteElo "2383"]
[BlackElo "1995"]
[WhiteFideId "25006746"]
[BlackFideId "13445219"]
[EventDate "2025.05.20"]

1. d4 d5 2. Bf4 c5 3. e3 e6 4. c3 Nf6 5. Nd2 Nc6 6. Bd3 Bd6 7. Bxd6 Qxd6 8. f4
cxd4 9. cxd4 O-O 10. a3 Bd7 11. Ngf3 Rac8 12. O-O Na5 13. Ne5 a6 14. b4 Nc6 15.
g4 Qe7 16. g5 Ne8 17. Qh5 g6 18. Qh6 Ng7 19. Rac1 Nf5 20. Bxf5 exf5 21. Ndf3
Nxe5 22. dxe5 Bb5 23. Rfe1 Bd3 24. Qh4 Be4 25. Qf2 Qd7 26. Nd4 Qa4 27. Qa2 Rc4
28. Qb3 Qxb3 29. Nxb3 Rfc8 30. Nc5 Rxc1 31. Rxc1 b6 32. Nb3 Rxc1+ 33. Nxc1 Kf8
34. Kf2 Ke7 35. Ke2 Kd7 36. Kd2 Kc6 37. a4 a5 38. Kc3 axb4+ 39. Kxb4 Bc2 40. Ne2
Be4 41. Nd4+ Kb7 42. e6 fxe6 43. Nxe6 Kc6 44. Nf8 d4 45. exd4 Kd5 46. Nxh7 Ke6
47. Nf6 Bc6 48. h4 Kd6 49. d5 Bxd5 50. Nxd5 Kxd5 51. Kb5 Ke4 52. h5 gxh5 53. g6
h4 54. g7 h3 55. g8=Q h2 1-0

[Event "Titled Tue 20th May Early"]
[Site "chess.com INT"]
[Date "2025.05.20"]
[Round "6"]
[White "May Sanchez, Andres Elias"]
[Black "Napoli, Nicolo"]
[Result "0-1"]
[BlackTitle "FM"]
[WhiteElo "2209"]
[BlackElo "2245"]
[WhiteFideId "5150973"]
[BlackFideId "813702"]
[EventDate "2025.05.20"]

1. Nf3 d5 2. g3 c6 3. Bg2 Bg4 4. O-O Nf6 5. c4 e6 6. b3 Be7 7. Bb2 O-O 8. d3 a5
9. Nbd2 Na6 10. Re1 Bh5 11. Ne5 Bg6 12. Ndf3 Nc5 13. Nxg6 hxg6 14. Ne5 a4 15. b4
a3 16. Bc3 Na4 17. Bd2 dxc4 18. Nxc4 Nd5 19. Qb3 Bf6 20. Rac1 Bb2 21. Rc2 Qf6
22. e4 Ndc3 23. e5 Qd8 24. Bxc3 Nxc3 25. Rxc3 Bxc3 26. Qxc3 Qc7 27. Nxa3 Rfd8
28. Re2 Qb6 29. Nc4 Qa7 30. h4 Rd4 31. Na5 Rad8 32. Be4 Qb8 33. Nb3 R4d7 34. Nc5
Rd4 35. Nb3 R4d7 36. Kg2 Qa7 37. g4 Qa3 38. h5 gxh5 39. gxh5 Kh8 40. Qd2 Rg8 41.
Kh2 Qa8 42. h6 Qb8 43. Qf4 Re7 44. f3 f6 45. d4 f5 46. Bd3 g5 47. Qg3 Rh7 0-1

[Event "Titled Tue 20th May Early"]
[Site "chess.com INT"]
[Date "2025.05.20"]
[Round "6"]
[White "Jedryczka, Krystian"]
[Black "Li, Hui"]
[Result "0-1"]
[BlackTitle "CM"]
[WhiteElo "2084"]
[BlackElo "2041"]
[WhiteFideId "1109472"]
[BlackFideId "15400310"]
[EventDate "2025.05.20"]

1. e4 e5 2. Nf3 Nf6 3. Nc3 Nc6 4. Bb5 Nd4 5. Bc4 Bc5 6. d3 O-O 7. h3 d6 8. Be3
Nxf3+ 9. Qxf3 Bxe3 10. fxe3 Be6 11. Bb3 c6 12. O-O a5 13. Rf2 d5 14. exd5 Nxd5
15. Nxd5 Bxd5 16. e4 Bxb3 17. axb3 f6 18. Kh2 Qd7 19. Qe3 Qd4 20. Qxd4 exd4 21.
Rf5 b6 22. g4 Rfe8 23. Kg3 Re5 24. Rf2 Rae8 25. Ra4 c5 26. Ra1 h5 27. Rf5 Kf7
28. Rxh5 Rxh5 29. gxh5 Re5 30. h6 g6 31. h4 Rh5 32. Rf1 Ke6 33. Kg4 Rxh6 34. Rg1
Ke5 35. Kh3 g5 36. Rg4 Rh8 37. Kg3 Rxh4 38. Rxh4 gxh4+ 39. Kxh4 Kf4 40. Kh5 f5
41. exf5 Kxf5 42. Kh4 Kf4 43. Kh3 Ke3 44. Kg3 Kd2 45. Kf4 Kxc2 46. Ke4 Kxb2 47.
Kd5 Kxb3 48. Kc6 c4 49. dxc4 Kxc4 0-1

[Event "Titled Tue 20th May Early"]
[Site "chess.com INT"]
[Date "2025.05.20"]
[Round "6"]
[White "Valle Luis, Leo"]
[Black "Gibala, Adam"]
[Result "0-1"]
[WhiteTitle "FM"]
[BlackTitle "CM"]
[WhiteElo "2301"]
[BlackElo "2239"]
[WhiteFideId "54577187"]
[BlackFideId "21070288"]
[EventDate "2025.05.20"]

1. e4 c6 2. d4 d5 3. e5 Bf5 4. h4 a6 5. Bd3 Bxd3 6. Qxd3 c5 7. c3 Nc6 8. Nf3 e6
9. dxc5 Bxc5 10. b4 Bb6 11. Bf4 Nge7 12. Nbd2 Rc8 13. h5 h6 14. O-O O-O 15. a3
Ba7 16. Rad1 b5 17. a4 Rb8 18. axb5 axb5 19. Nb3 Qc7 20. Ra1 Rfc8 21. Be3 Bxe3
22. Qxe3 Nd8 23. Rfc1 Qc4 24. Nfd4 Nf5 25. Nxf5 exf5 26. Nd4 Ne6 27. Nxf5 Rc7
28. Nd6 Qg4 29. g3 Qxh5 30. f4 Qg4 31. Kf2 h5 32. Rh1 d4 33. cxd4 Rc2+ 34. Ke1
Nxd4 35. Kf1 Ne2 36. Rg1 Nxg1 37. Kxg1 h4 38. Ne4 Re2 39. Nf2 Rxe3 40. Nxg4
Rxg3+ 41. Kf2 Rxg4 42. Kf3 Rg3+ 43. Ke4 Rc3 44. Ra7 Rc4+ 45. Kf5 Rxb4 46. Kg5
Re4 47. Ra3 b4 48. Rh3 b3 49. f5 b2 50. f6 Rxe5+ 51. Kf4 gxf6 52. Rxh4 b1=Q 53.
Rh3 Qg6 54. Rb3 Qg5+ 55. Kf3 Rxb3+ 0-1

[Event "Titled Tue 20th May Early"]
[Site "chess.com INT"]
[Date "2025.05.20"]
[Round "6"]
[White "Herrera Ortiz, Miguel"]
[Black "Diachek, Andrii"]
[Result "1/2-1/2"]
[WhiteTitle "IM"]
[BlackTitle "CM"]
[WhiteElo "2174"]
[BlackElo "2226"]
[WhiteFideId "5100550"]
[BlackFideId "34106499"]
[EventDate "2025.05.20"]

1. c4 e5 2. Nc3 Nc6 3. Nf3 Nf6 4. g3 Nd4 5. Bg2 Nxf3+ 6. Bxf3 Bb4 7. Nd5 Nxd5 8.
cxd5 O-O 9. O-O d6 10. a3 Bc5 11. b4 Bb6 12. Bb2 Bh3 13. Bg2 Bxg2 14. Kxg2 f5
15. d3 f4 16. Qd2 Qg5 17. Kh1 Qg4 18. d4 e4 19. f3 Qh5 20. gxf4 Rae8 21. fxe4
Rxe4 22. e3 Rfe8 23. Rae1 Qh3 24. Qg2 Qxg2+ 25. Kxg2 Rxe3 26. Rxe3 Rxe3 27. Rf2
Kf7 28. Kf1 Kf6 29. Re2 Rf3+ 30. Rf2 Rb3 31. Re2 Kf5 32. Kg2 g6 33. Bc1 Bxd4 34.
Re7 Rb1 35. Be3 Bxe3 36. Rxe3 Kxf4 37. Re7 Rb2+ 38. Kg1 Rc2 39. Rxh7 g5 40. Rf7+
Ke4 41. b5 Kxd5 42. Rf5+ Ke4 43. Rxg5 d5 44. Rg4+ Kf3 45. Rg3+ Ke4 46. h4 d4 47.
Kf1 d3 48. Ke1 Rh2 49. Rg7 Rxh4 50. Rxc7 Rh1+ 51. Kd2 Rh2+ 52. Kd1 Ke3 53. Re7+
Kd4 54. Rxb7 Rh1+ 55. Kd2 Rh2+ 56. Kd1 Rh1+ 57. Kd2 Rh2+ 58. Kd1 1/2-1/2

[Event "Titled Tue 20th May Early"]
[Site "chess.com INT"]
[Date "2025.05.20"]
[Round "6"]
[White "Sharankov, Grigory"]
[Black "Can, Melih Kaan"]
[Result "1-0"]
[WhiteTitle "CM"]
[BlackTitle "CM"]
[WhiteElo "2238"]
[BlackElo "2171"]
[WhiteFideId "4168356"]
[BlackFideId "6317383"]
[EventDate "2025.05.20"]

1. Nf3 Nf6 2. g3 g6 3. Bg2 Bg7 4. O-O O-O 5. b3 d5 6. Bb2 c5 7. d3 Nc6 8. Nbd2
d4 9. a3 Nd5 10. h3 e5 11. a4 f5 12. Nc4 e4 13. Nfd2 e3 14. fxe3 Nxe3 15. Nxe3
dxe3 16. Bxg7 Kxg7 17. Nc4 Qd4 18. Qe1 f4 19. c3 Qd7 20. Rxf4 Rxf4 21. gxf4 Qf5
22. Qg3 Qf6 23. Rc1 Bf5 24. Qxe3 Qf7 25. Qxc5 Qc7 26. Bxc6 Qxf4 27. Rf1 Qg5+ 28.
Bg2 Re8 29. e4 Qg3 30. exf5 Re2 31. Qd5 gxf5 32. Qxb7+ Kh6 33. Qf3 Qxf3 34. Rxf3
Rc2 35. d4 Rc1+ 36. Kh2 Rd1 37. Rxf5 Kg6 38. Be4 Re1 39. Re5+ Kf6 40. Bxh7 Rc1
41. Re3 a6 42. Be4 Kg5 43. Bg2 Kf4 44. Rf3+ Kg5 45. d5 Rd1 46. Ne3 Rd3 47. c4
Rxb3 48. Rg3+ Kf4 49. d6 Rd3 50. Nd5+ Rxd5 51. cxd5 Ke5 52. d7 Kd6 53. d8=Q+ Kc5
54. Qc7+ Kb4 55. Qc3+ Kxa4 56. Qb2 Ka5 57. Ra3# 1-0

[Event "Titled Tue 20th May Early"]
[Site "chess.com INT"]
[Date "2025.05.20"]
[Round "6"]
[White "Savitha, Shri B"]
[Black "Arslanov, Shamil"]
[Result "1-0"]
[WhiteTitle "IM"]
[BlackTitle "IM"]
[WhiteElo "2298"]
[BlackElo "2410"]
[WhiteFideId "35061887"]
[BlackFideId "4192826"]
[EventDate "2025.05.20"]

1. e4 e5 2. Nf3 d5 3. Nxe5 Bd6 4. d4 dxe4 5. Bf4 Nf6 6. Nc3 O-O 7. Be2 Nc6 8.
O-O Qe8 9. Nb5 Nxe5 10. dxe5 Bxe5 11. Nxc7 Bxc7 12. Bxc7 Be6 13. c4 Qc6 14. Be5
Rad8 15. Qc2 Nd7 16. Bg3 f5 17. Bh4 Rc8 18. Rad1 Rf7 19. b3 f4 20. Rfe1 Ne5 21.
Bf1 Bf5 22. Rd5 Re8 23. Qd2 Ng6 24. Bg5 Bd7 25. Rd6 Qc7 26. c5 Bc6 27. Bc4 Kh8
28. Bxf7 Qxf7 29. h4 h6 30. h5 hxg5 31. hxg6 Qe7 32. Qc3 Kg8 33. Qh3 Qe5 34.
Qh7+ Kf8 35. Red1 Ke7 36. Qh3 a6 37. Rd7+ Kf6 38. R1d6+ Re6 39. Rxe6+ Qxe6 40.
Rf7+ Ke5 41. Qxe6+ Kxe6 42. Rxg7 Kf6 43. Rg8 Bd5 44. Rd8 Bc6 45. Rd6+ Kg7 46.
Kf1 Be8 47. Re6 Bxg6 48. Re7+ Kf6 49. Rxb7 Be8 50. c6 Ke6 51. Rb6 Kd6 52. Rxa6
Kc7 53. Ra5 g4 54. Rg5 Bxc6 55. Rxg4 f3 56. gxf3 exf3 57. Rc4 Kd6 58. Rxc6+ Kxc6
59. Ke1 Kb5 60. Kd2 Kb4 61. Ke3 1-0

[Event "Titled Tue 20th May Early"]
[Site "chess.com INT"]
[Date "2025.05.20"]
[Round "6"]
[White "Dicen, Elis Denele"]
[Black "Carlsson, Ludvig"]
[Result "0-1"]
[WhiteTitle "WFM"]
[BlackTitle "IM"]
[WhiteElo "2135"]
[BlackElo "2374"]
[WhiteFideId "462560"]
[BlackFideId "1727010"]
[EventDate "2025.05.20"]

1. e4 e5 2. Nf3 Nf6 3. Nxe5 d6 4. Nf3 Nxe4 5. Nc3 Nxc3 6. dxc3 Be7 7. Bd3 Nd7 8.
Be3 O-O 9. Qd2 Nf6 10. O-O-O c5 11. h4 Be6 12. Kb1 Qa5 13. c4 Qxd2 14. Bxd2 Bd7
15. Rde1 Rfe8 16. Ng5 Bc6 17. f3 Bf8 18. Rhf1 d5 19. cxd5 Bxd5 20. b3 h6 21. Nh3
b6 22. Nf4 Bc6 23. a4 Rxe1+ 24. Rxe1 Re8 25. Kb2 Rxe1 26. Bxe1 Bd6 27. Bd2 Be5+
28. Kb1 Nd5 29. Nxd5 Bxd5 30. f4 Bd4 31. g4 Bf2 32. h5 Be6 33. f5 Bd5 34. g5
hxg5 35. Bxg5 f6 36. Bf4 Bf3 37. h6 gxh6 38. Bxh6 Bg3 39. Bd2 Kf7 40. Bc3 Be5
41. Bd2 Ke7 42. Kc1 Kd6 43. Be3 Kd5 44. Kd2 Be4 45. Bc4+ Kd6 46. Bd3 Bc6 47. Ke2
Bh2 48. Bd2 Bb7 49. Bc3 Be5 50. Bd2 Bc8 51. Kf2 Kd5 52. Kf3 a6 53. Be3 Kc6 54.
Be4+ Kd6 55. Bd3 Bd7 56. Bf4 Bc6+ 57. Ke3 Bxf4+ 58. Kxf4 a5 59. Bc4 Bd7 60. Bd3
Bc8 61. Be4 Ba6 62. c3 Be2 63. Bc2 Kd5 64. Ke3 Ba6 65. Kf4 Kd6 66. Ke4 Bb7+ 67.
Kf4 Bc6 68. c4 Bd7 69. Be4 Be8 70. Bd5 Bh5 71. Be4 Bd1 72. Bd3 Bxb3 73. Ke3 Ke5
74. Kd2 Bxa4 75. Kc3 Bd7 0-1

[Event "Titled Tue 20th May Early"]
[Site "chess.com INT"]
[Date "2025.05.20"]
[Round "6"]
[White "Yushko, Olga"]
[Black "Le, Minh Tu"]
[Result "1-0"]
[WhiteTitle "WFM"]
[BlackTitle "FM"]
[WhiteElo "2036"]
[BlackElo "1932"]
[WhiteFideId "14114500"]
[BlackFideId "12404888"]
[EventDate "2025.05.20"]

1. d4 d5 2. c4 dxc4 3. e3 e5 4. Bxc4 exd4 5. exd4 Nf6 6. Nc3 Bd6 7. Nf3 O-O 8.
O-O Nc6 9. Re1 Bg4 10. Be3 Ne7 11. h3 Bh5 12. Bg5 Nc6 13. d5 Ne5 14. Be2 Bxf3
15. Bxf3 h6 16. Bh4 Ng6 17. Bxf6 Qxf6 18. Qb3 Qf4 19. Ne2 Qh2+ 20. Kf1 Rfe8 21.
Ng1 Qh1 22. g3 Qh2 23. Bg2 Nf4 24. gxf4 Qxf4 25. Ne2 Qh2 26. Ng1 Qf4 27. Re3 Bc5
28. Ne2 Qf6 29. Rf3 Qe5 30. Ng3 h5 31. Qc3 Bd4 32. Qd3 h4 33. Ne2 Bxb2 34. Rd1
Rad8 35. Re3 Qg5 36. Rxe8+ Rxe8 37. d6 cxd6 38. Qxd6 Be5 39. Qd7 Rf8 40. Qg4 Qf6
41. Qf3 Qb6 42. Qxb7 Qa5 43. Qd5 Qc7 44. Rc1 Qb8 45. Be4 Rd8 46. Qc4 Qd6 47. Qc2
Qf6 48. Qb3 g6 49. Qf3 Qe7 50. Bd3 Qd6 51. Be4 Qd2 52. Kg2 Qxa2 53. Rb1 Rd2 54.
Re1 Bd4 55. Bd5 1-0

[Event "Titled Tue 20th May Early"]
[Site "chess.com INT"]
[Date "2025.05.20"]
[Round "6"]
[White "Yonal, Timur"]
[Black "Shafer, Logan C"]
[Result "1/2-1/2"]
[WhiteTitle "FM"]
[BlackTitle "CM"]
[WhiteElo "2249"]
[BlackElo "2291"]
[WhiteFideId "44115725"]
[BlackFideId "30993342"]
[EventDate "2025.05.20"]

1. e4 c6 2. d4 d5 3. Nc3 dxe4 4. Nxe4 Nf6 5. Nxf6+ exf6 6. c3 Bd6 7. Bd3 Na6 8.
Be3 Nc7 9. Qc2 Nd5 10. O-O-O h5 11. Nf3 Bg4 12. Kb1 Kf8 13. h3 Be6 14. g4 Qa5
15. a3 Nxe3 16. fxe3 Qd5 17. Rdf1 Qa2+ 18. Kc1 Bb3 19. Qb1 Qxb1+ 20. Bxb1 Re8
21. Kd2 Bd5 22. Rhg1 hxg4 23. hxg4 Rh3 24. Ne1 Rhxe3 25. Bd3 Rh3 26. c4 Rh2+ 27.
Kc3 Be4 28. Nf3 Bxd3 29. Nxh2 Bxh2 30. Kxd3 Bxg1 31. Rxg1 g6 32. b4 Ke7 33. a4
Kd6 34. b5 c5 35. Rf1 f5 36. gxf5 g5 37. d5 f6 38. Rh1 Re5 39. Rf1 b6 40. Rf2
Re1 41. Rh2 Rf1 42. Rh7 Rxf5 43. Rxa7 Rf3+ 44. Ke4 Rf4+ 45. Kd3 g4 46. Rb7 g3
47. Rxb6+ Ke5 48. Re6+ Kf5 49. Re2 Rd4+ 50. Kc3 Kf4 51. b6 Kf3 52. b7 Kxe2 53.
b8=Q Rd3+ 54. Kc2 g2 55. Qg8 Rd2+ 56. Kc3 Rd3+ 57. Kb2 Kf1 58. Qg6 g1=Q 59.
Qxd3+ Kg2 60. Qg6+ Kf2 61. Qxg1+ Kxg1 62. d6 f5 63. d7 f4 64. d8=Q f3 65. Qf6 f2
66. a5 Kg2 67. Qxf2+ Kh1 68. a6 1/2-1/2